[Event "XI Closed IM BCC 2021"]
[Site "Barcelona"]
[Date "2021.03.15"]
[Round "1.1"]
[White "Ayats Llobera, Gerard"]
[Black "Gonzalez, Raul Omar"]
[Result "1-0"]
[WhiteElo "2402"]
[BlackElo "2178"]
[Annotator "TA"]
[PlyCount "91"]
[EventDate "2021.03.15"]
[EventType "tourn"]
[EventCountry "ESP"]
[SourceTitle "playchess.com"]
[Source "ChessBase"]
[SourceQuality "1"]

{[%evp 9,91,5,20,-2,18,0,0,0,33,-22,16,-20,-20,-16,-20,-15,-5,-28,-25,-27,-14,-45,14,7,4,-33,-29,-37,-14,-13,-11,-66,-66,-61,-70,-170,-86,-122,-85,-91,-64,-80,-43,-81,-7,-43,-56,-58,0,-74,-60,-105,-105,-117,-70,-107,-87,-129,-74,-94,0,0,306,298,852,863,814,815,783,787,734,405,405,405,405,405,29986,405,364,364,773,755,1195,1186]} 1. Nf3 e6 2. e4 d5 3. Nc3 Bb4 4. Qe2 Ne7 5. a3 Ba5 6. g3 {[#] C00: French: Unusual White 2nd moves.} O-O $146 ({Predecessor:} 6... c6 7. b4 Bc7 8. d4 O-O 9. Bg2 a5 10. b5 a4 11. O-O Nd7 12. Bd2 Ba5 {½-½ (49) Lazarevic,M (2112)-Paulic,B (2233) Belgrade 2003}) 7. Bg2 c5 8. O-O {The position is equal.} Nbc6 9. d3 (9. Na4 $14) 9... Bd7 10. Bf4 Nd4 11. Qd1 Nxf3+ 12. Qxf3 {[%cal Re4d5]} Bc6 13. Qh5 Qd7 14. Rad1 Bb6 15. Rfe1 Rad8 (15... d4 $15 16. Ne2 Ng6) 16. Bg5 $11 {And now exd5 would win.} f6 17. Bd2 d4 18. Ne2 e5 (18... Qd6 {seems wilder.} 19. f4 Qc7 20. b3 f5 21. Nc1 Rde8) 19. f4 Qe8 20. Qh3 ({Better is} 20. Qxe8 $11 Rdxe8 21. fxe5) 20... Bd7 $15 21. f5 c4 22. Kh1 (22. g4 $15) 22... cxd3 ({Black should play} 22... Ba4 $1 $19 {White must now prevent ...cxd3.} 23. Rc1 Qb5 {[%mdl 64] Remove Defender}) 23. cxd3 $17 Ba4 24. Rc1 Qb5 25. g4 ({Avoid the trap} 25. Bb4 $2 Rf7 $19) 25... Qxb2 26. Bb4 Nc6 (26... Rd7 $17 {White should prevent ...Qa2.} 27. g5 fxg5) 27. Rb1 Qa2 28. Ra1 Qb2 (28... Qb3 $15 29. Rab1 Qf7 30. Bxf8 Rxf8) 29. Bxf8 (29. Rab1 $11 Qa2 30. Ra1) 29... Rxf8 30. Qf3 Bc2 {[%mdl 1024] Black has strong compensation.} 31. Ng3 Qc3 32. Bf1 Na5 33. Qe2 Nb3 (33... h6 $142 $1 34. Ra2 Bxd3 $1 {[%mdl 512]}) 34. Ra2 {[#]} Rc8 ({Black should try} 34... Ba5 $1 $17 {Hoping for ...Rc8.} 35. Rxc2 (35. Qxc2 Qxc2) 35... Qxe1 36. Qxe1 Bxe1) 35. g5 $1 $11 {[%cal Rg5f6] Strongly threatening gxf6.} Ba5 $2 {[%mdl 8192]} (35... Bd8 $11 {and Black stays safe.}) 36. gxf6 $18 Qxe1 $2 (36... gxf6 37. Qg4+ Kf7) 37. Qg4 {[%csl Gf6][%cal Rg4g7]} Rc7 {[#]} 38. Rxc2 $1 {[%mdl 512]} Bc3 39. Rg2 Nd2 {[#]} 40. Qh5 $1 {[%cal Rh5e8]} Rf7 {[#]} 41. fxg7 {Threatens to win with Rg1.} Nxf1 42. Nxf1 Qxf1+ 43. Rg1 Qxg1+ 44. Kxg1 Kxg7 $2 (44... Bd2 45. f6 Rxf6 46. Qxe5 Be3+ 47. Kg2 Kxg7) 45. Qg5+ Kf8 46. f6 {Weighted Error Value: White=0.29/Black=0.45} 1-0

[Event "XI Closed IM BCC 2021"]
[Site "Barcelona"]
[Date "2021.03.15"]
[Round "1.2"]
[White "Louis, Thibault"]
[Black "Boukhris-Ferre, Yacine"]
[Result "1/2-1/2"]
[WhiteElo "2244"]
[BlackElo "2155"]
[Annotator "TA"]
[PlyCount "80"]
[EventDate "2021.03.15"]
[EventType "tourn"]
[EventCountry "ESP"]
[SourceTitle "playchess.com"]
[Source "ChessBase"]
[SourceQuality "1"]

{[%evp 9,80,58,75,54,54,46,60,45,55,-25,-25,-14,-20,-37,0,0,0,-54,-14,-17,-17,-17,-17,-17,-20,-30,-30,-29,32,33,30,39,39,16,15,14,14,17,18,16,25,24,25,14,37,38,38,35,39,38,33,0,0,0,0,0,6,7,10,11,9,0,0,0,0,0,0,0,0,0,0,0,0]} 1. e4 e5 2. Nf3 Nc6 3. Nc3 g6 4. h4 h6 5. d4 exd4 6. Nxd4 {C46: 3 Nc3: Unusual Black 3rd moves.} Bg7 7. Be3 Nf6 {[#]} 8. h5 $146 {White is slightly better.} ({Predecessor:} 8. Be2 O-O 9. h5 Nxd4 10. Bxd4 d6 11. hxg6 fxg6 12. Bc4+ Kh7 13. Qd2 c6 14. O-O-O {1-0 (29) Jurgensen,G (2023)-Ovcina,D (2214) Johannesburg 2016}) 8... Nxh5 9. Be2 {[#]} (9. Qd2 $14) 9... Nf4 $1 $11 {[%cal Rf4g2]} 10. Bxf4 (10. Bf3 Ne6) 10... Nxd4 11. Qd2 Nxe2 12. Qxe2 d6 13. e5 (13. O-O-O $11) 13... O-O 14. O-O-O {[%cal Re5d6]} Re8 15. Bxh6 Bxh6+ 16. Rxh6 Qg5+ {[%mdl 64] [#] Double Attack} 17. Qd2 Qxd2+ ({Wrong is} 17... Qxe5 $2 18. Nd5 $18) 18. Kxd2 {Black must now prevent Rdh1.} Rxe5 ({Black should try} 18... dxe5 $11 19. Rdh1 Rd8+ 20. Kc1 Bg4) 19. Rdh1 $14 {aiming for Rh8+.} Rh5 $1 20. R6xh5 gxh5 $11 {[%mdl 4096] Endgame KRB-KRN} 21. Nd5 c6 22. Nf6+ Kg7 23. Nxh5+ Kg6 24. Nf4+ Kf5 25. Ke3 Be6 26. Kf3 a5 (26... Rg8 {is interesting.} 27. a3 Bd7 28. g3 d5 29. Ke3 Re8+) 27. g4+ Kf6 28. Nxe6 Kxe6 $14 {KR-KR} 29. Kf4 a4 30. Re1+ Kf6 {The position is equal.} 31. g5+ Kg6 32. Kg4 Ra5 33. f4 Rc5 34. Re2 a3 35. b3 Rd5 36. c4 Rd1 37. f5+ Kg7 38. Re7 Rg1+ 39. Kf4 {And now g6 would win.} Rf1+ 40. Kg4 {Threatens to win with g6.} Rg1+ {Weighted Error Value: White=0.12/Black=0.05} 1/2-1/2

[Event "XI Closed IM BCC 2021"]
[Site "Barcelona"]
[Date "2021.03.15"]
[Round "1.3"]
[White "Valenzuela Gomez, Fernando"]
[Black "Martin Gonzalez, Angel"]
[Result "1-0"]
[WhiteElo "2393"]
[BlackElo "2272"]
[Annotator "TA"]
[PlyCount "65"]
[EventDate "2021.03.15"]
[EventType "tourn"]
[EventCountry "ESP"]
[SourceTitle "playchess.com"]
[Source "ChessBase"]
[SourceQuality "1"]

{[%evp 29,65,41,45,41,37,35,49,0,8,0,5,10,88,96,136,135,134,143,138,129,175,193,292,262,385,383,394,389,385,385,354,347,449,474,524,524,469,416]} 1. e4 c5 2. Nf3 d6 3. d4 cxd4 4. Nxd4 Nf6 5. Nc3 g6 6. Be3 Bg7 7. f3 O-O 8. Qd2 Nc6 9. O-O-O d5 10. exd5 Nxd5 11. Nxc6 bxc6 12. Bd4 Nxc3 13. Qxc3 Bh6+ 14. Be3 Bxe3+ 15. Qxe3 Qb6 16. Re1 {B76: Sicilian Dragon: Yugoslav Attack, 9 g4 and 9 0-0-0.} Be6 17. h4 Rab8 {[#]} 18. Qxb6 $146 {White is slightly better.} ({Predecessor:} 18. b3 Rfd8 19. Qc3 Qd4 20. Qxd4 Rxd4 21. h5 Kg7 22. Re5 Rd5 23. Rxd5 cxd5 24. c3 {½-½ (46) Abdumalik,Z (2379)-Kuderinov,K (2465) Moscow 2015}) 18... axb6 19. h5 Kg7 20. Rh4 Rfd8 (20... c5 $11) 21. Bc4 g5 {[#]} 22. Rhe4 Bxc4 23. Rxc4 $16 {[%mdl 4096] Endgame KRR-KRR} Rd6 24. Rxe7 Rbd8 {[%csl Gd8][%cal Rd6d1]} 25. b4 Rd1+ (25... Rf6 {might work better.} 26. Rc7 c5 27. bxc5 bxc5) 26. Kb2 $18 R8d6 (26... c5 $142 27. bxc5 Rc8) 27. Rc7 c5 28. bxc5 bxc5 29. R4xc5 Rb6+ 30. Kc3 h6 31. Rf5 {White is clearly winning.} Rf6 32. Rxf6 Kxf6 33. a4 {Weighted Error Value: White=0.03/Black=0.36} 1-0

[Event "XI Closed IM BCC 2021"]
[Site "Barcelona"]
[Date "2021.03.15"]
[Round "1.4"]
[White "Jimenez Ruano, Adrian"]
[Black "Martin Barcelo, Carles"]
[Result "1/2-1/2"]
[WhiteElo "2326"]
[BlackElo "2258"]
[Annotator "TA"]
[PlyCount "114"]
[EventDate "2021.03.15"]
[EventType "tourn"]
[EventCountry "ESP"]
[SourceTitle "playchess.com"]
[Source "ChessBase"]
[SourceQuality "1"]

{[%evp 9,114,-1,0,0,-7,-9,-22,-28,-22,-25,-12,-22,-29,-22,-30,-14,-10,-18,-14,-48,-22,-43,-7,-27,-14,-24,0,-18,-16,-22,-22,-41,-43,-41,-18,-8,-2,-16,-10,-8,-8,-15,-10,-14,-16,-66,-13,-155,-161,-160,-163,-146,-129,-129,-66,-68,-68,-67,-67,-66,-55,-55,-54,-67,-72,-80,-75,-80,-10,-47,-53,-201,-81,-155,-155,-216,-144,-253,-233,-211,-96,-115,-29,-19,-9,-20,-8,-13,-13,-13,-13,-13,-13,-13,-13,-13,-13,-13,-4,-13,0,-13,-15,-8,0,0,0]} 1. d4 Nf6 2. c4 e6 3. Nc3 Bb4 4. e3 O-O 5. Bd2 d5 6. cxd5 {E46: Nimzo-Indian: Rubinstein: 4 e3 0-0 5 Ne2 without early Bd3.} exd5 7. Nf3 Re8 8. Bd3 Bd6 9. Nb5 Bf8 10. Ne5 c5 11. O-O Nc6 12. Nxc6 bxc6 13. Nc3 {[#]} Bg4 $146 ({Predecessor:} 13... cxd4 14. exd4 Qb6 15. Bg5 Ne4 16. Bxe4 dxe4 17. Na4 Qb5 18. Be3 Qf5 19. Qe2 Bd6 {0-1 (31) Lin,Y (2387)-Santos Ruiz,M (2581) Sitges 2020}) 14. f3 Bh5 15. Na4 c4 16. Bc2 Nd7 17. Qe1 c5 {And now ...cxd4 would win.} 18. Qf2 Bg6 19. Bxg6 hxg6 20. Rad1 cxd4 21. exd4 Nb6 22. Nc3 Qd7 23. f4 Na4 24. Nxa4 Qxa4 25. f5 {Threatens to win with fxg6.} Qc6 26. Qg3 Re4 {aiming for ...gxf5.} 27. Bc3 Rae8 (27... Bd6 $15 28. Qg5 Be7) 28. Rf3 (28. fxg6 $11 fxg6 29. Qf3) 28... Bd6 $36 {[%mdl 2048] Black is really pushing.} 29. Qg5 Be7 $1 {[%cal Re7g5]} 30. Qd2 g5 31. Re1 {[#]} Bf6 (31... Bd6 $1 $17 32. Rfe3 Bf4 33. Rxe4 Rxe4) 32. Rfe3 $15 Qd7 33. Rxe4 dxe4 34. g4 Qd5 35. Qe3 Qd6 36. Kg2 Bd8 37. Re2 Bc7 38. Kg1 Qf4 (38... Qh6 $17 39. Be1 Bf4) 39. h3 (39. Qg3 $5) 39... Qd6 40. Rg2 {[#]} ({White should try} 40. Be1 $15) 40... Qd8 (40... Qh6 $1 $19 {and Black stays clearly on top. Hoping for ...Bf4.} 41. d5 Bb6) 41. h4 (41. Be1 $142) 41... gxh4 $17 42. Be1 (42. Re2 $17) 42... Bb6 43. Rd2 (43. Bc3 $17 {is a better defense.}) 43... Qf6 44. Bf2 Ba5 (44... g6 $19 {has better winning chances.} 45. Qh3 g5) 45. Rc2 Qd6 (45... Bc7 $17 46. Rxc4 Qd6) 46. Bxh4 $11 Bc7 {The position is equal.} (46... Qd5 {is more complex.} 47. Re2 Bb6 48. Bf2 Qa5 49. b3 cxb3 50. axb3 Bd8) 47. Be1 Qd5 48. b3 cxb3 49. axb3 ({Don't blunder} 49. Rxc7 $2 b2 $19) 49... Bb6 50. Rc4 Qd6 51. Bg3 Qa3 52. Kg2 Qb2+ 53. Bf2 Qb1 54. Rc1 Qb2 55. Rd1 Qc2 56. Rc1 Qb2 {Strongly threatening ...Bxd4!} 57. Rd1 Qc2 {Whites escaped into a draw.  Weighted Error Value: White=0.19/Black=0.20} 1/2-1/2

[Event "XI Closed IM BCC 2021"]
[Site "Barcelona"]
[Date "2021.03.15"]
[Round "1.5"]
[White "Fantinel, Thibault"]
[Black "Hernandez, Cristian Andres"]
[Result "1/2-1/2"]
[WhiteElo "2375"]
[BlackElo "2355"]
[Annotator "TA"]
[PlyCount "83"]
[EventDate "2021.03.15"]
[EventType "tourn"]
[EventCountry "ESP"]
[SourceTitle "playchess.com"]
[Source "ChessBase"]
[SourceQuality "1"]

{[%evp 22,83,-4,-17,0,0,58,59,55,54,61,59,51,52,62,58,84,65,77,58,59,61,58,45,56,54,52,84,73,81,58,20,20,25,25,22,25,20,31,0,0,0,0,0,0,0,0,0,0,0,0,0,0,0,0,0,0,0,0,0,36,-7,-7,-7]} 1. e4 c5 2. Nf3 Nc6 3. Bb5 g6 4. O-O Bg7 5. Re1 Nf6 6. e5 Nd5 7. Nc3 {[%cal Bb1c3,Bc3e4,Be4f6][%mdl 32]} Nc7 8. Bxc6 dxc6 9. Ne4 b6 10. Nf6+ Kf8 11. Ne4 Bg4 12. d3 Ne6 {B31: Sicilian: 2...Nc6 3 Bb5 g6.} 13. Neg5 h6 (13... Nxg5 $11 14. Bxg5 h6) 14. Nxe6+ $14 Bxe6 {[#] White is slightly better.} 15. b3 $146 {[%cal Bb2b3,Bb3b4][%mdl 32]} ({Predecessor:} 15. Qe2) 15... Qd7 16. Bb2 Bg4 17. h3 Bxf3 18. Qxf3 Qe6 19. a3 Kg8 20. b4 c4 21. dxc4 Qxc4 22. Rad1 Kh7 23. Rd7 Rhe8 24. Qb3 Qxb3 25. cxb3 a5 26. Bd4 axb4 27. axb4 Rad8 28. Rxd8 Rxd8 29. Bxb6 $11 {[%mdl 4096] Endgame KRB-KRB} Rd5 30. f4 g5 31. g3 gxf4 32. gxf4 Rd3 33. Re3 Rxe3 34. Bxe3 {KB-KB} Kg6 35. Kg2 Kf5 36. Kf3 e6 37. Ba7 f6 38. exf6 Bxf6 39. Ke3 Bb2 40. Bb8 Bc1+ 41. Kf3 (41. Kd4 $5 {[%cal Rd4c5]} Bxf4 42. Bxf4 Kxf4 43. Kc5 $16) 41... Bd2 42. Bd6 {Weighted Error Value: White=0.05/Black=0.07} 1/2-1/2

[Event "XI Closed IM BCC 2021"]
[Site "Barcelona"]
[Date "2021.03.16"]
[Round "2.1"]
[White "Gonzalez, Raul Omar"]
[Black "Hernandez, Cristian Andres"]
[Result "0-1"]
[WhiteElo "2178"]
[BlackElo "2355"]
[Annotator "TA"]
[PlyCount "114"]
[EventDate "2021.03.15"]
[EventType "tourn"]
[EventCountry "ESP"]
[SourceTitle "playchess.com"]
[Source "ChessBase"]
[SourceQuality "1"]

{[%evp 14,114,0,0,0,0,32,28,52,0,0,-77,-44,-89,-95,-183,-168,-305,-299,-293,-278,-329,-350,-429,-435,-441,-193,-189,-202,-204,-200,-209,-202,-226,-224,-212,-216,-253,-253,-249,-175,-177,-170,-160,-125,-135,-99,-164,-160,-169,-82,-82,-82,-82,-83,-121,-121,-131,-72,-82,-82,-87,-86,-121,-121,-121,-83,-263,-249,-233,-226,-281,-277,-283,-281,-280,-280,-263,-18,-18,-8,-377,-377,-327,-346,-501,-488,-882,-831,-832,-825,-3714,-2447,-6946,-9160,-29979,-29980,-29975,-29981,-29981,-29982,-29982,-29983]} 1. c4 c6 2. Nf3 Nf6 3. b3 d5 4. Bb2 e6 5. e3 Bd6 6. Be2 O-O 7. Nc3 Nbd7 8. Qc2 Qe7 {A11: English Opening: 1...c6.} 9. d4 dxc4 10. bxc4 e5 {White has an edge.} 11. c5 (11. O-O $14) 11... Bc7 $11 {[#]} 12. O-O-O $146 (12. O-O $11) ({Predecessor:} 12. O-O Re8 13. Rfd1 exd4 14. exd4 Nf8 15. Re1 Be6 16. Rad1 h6 17. Bc4 Qd7 18. Bxe6 Nxe6 {0-1 (26) Dubrovin,R (2220)-Timofeev,A (2589) St Petersburg 2018}) 12... b6 $17 13. cxb6 axb6 14. Ng5 (14. Kb1 $17) 14... h6 15. h4 (15. Nf3 {keeps fighting.}) 15... exd4 $19 (15... hxg5 16. hxg5 Rd8 17. Rh4 $14) 16. Rxd4 Be5 (16... hxg5 $2 17. hxg5 g6 18. gxf6 $18) 17. Rd2 Nc5 (17... hxg5 18. hxg5 Qc5 19. Bd3 $15 (19. gxf6 Nxf6 20. Bd3 Re8 $15) (19. Rxd7 $2 Bxd7 20. gxf6 g6 $19)) 18. f4 Bxc3 (18... hxg5 19. fxe5 Nh7 20. Bf3 $11) 19. Qxc3 Na4 (19... hxg5 20. hxg5 Ne8 21. Bf3 $17 (21. Qc2 $2 f5 $19)) (19... Rxa2 $142 20. Bc4 Ra4) 20. Qe5 Qxe5 21. fxe5 Nd5 ({Less strong is} 21... hxg5 22. exf6 Nxb2 23. Rxb2 $15) 22. Nf3 Nxb2 23. Kxb2 Nxe3 24. Rc1 Be6 ({Much less strong is} 24... Nxg2 25. Rxc6 Nf4 26. Bd1 $17) 25. Rxc6 Rxa2+ 26. Kc1 Rxd2 27. Kxd2 Nxg2 28. Rxb6 Ra8 29. Nd4 Ra2+ 30. Kc3 (30. Kc1 $17) 30... Nf4 ({Don't play} 30... Nxh4 31. Bd3 $17) 31. Bf3 Nd5+ (31... Ra3+ $19 32. Kc2 Re3) 32. Bxd5 $17 Bxd5 {[%mdl 4096] Endgame KRB-KRN} 33. Rd6 Be4 34. e6 fxe6 35. Rxe6 Bd5 (35... Bh7 $142 36. Rb6 Ra3+ 37. Nb3 Be4) 36. Re5 Bf7 37. Nf5 Rf2 38. Kd4 Bg6 39. Ne7+ Kf7 40. Nd5 $2 {[#]} (40. Nxg6 $17 Kxg6 41. h5+ Kf6 42. Re1) 40... Rh2 $1 $19 41. Re7+ Kg8 42. Nf4 Rxh4 43. Ke5 Bf7 44. Ra7 g5 45. Ne2 Rh1 $2 (45... Rb4 $19 {Hoping for ...Rb5+.} 46. Ra6 Kh7) 46. Nd4 $11 Rb1 {...Rb6 is the strong threat.} 47. Nf5 $2 {[%mdl 8192]} (47. Ra6 $1 $11) 47... Re1+ $19 48. Kd4 {[#]} Re6 49. Rd7 (49. Ra5 $142 g4 50. Nh4) 49... h5 50. Nd6 (50. Ne3 $142 Bg6 51. Rd5) 50... Bg6 51. Nc8 g4 52. Ne7+ Kf8 53. Nd5 g3 54. Rd8+ Kg7 {Black mates.} 55. Rd7+ Kh6 56. Ra7 g2 57. Ra1 h4 {Weighted Error Value: White=0.87/Black=0.19} 0-1

[Event "XI Closed IM BCC 2021"]
[Site "Barcelona"]
[Date "2021.03.16"]
[Round "2.2"]
[White "Martin Barcelo, Carles"]
[Black "Fantinel, Thibault"]
[Result "0-1"]
[WhiteElo "2258"]
[BlackElo "2375"]
[Annotator "TA"]
[PlyCount "74"]
[EventDate "2021.03.15"]
[EventType "tourn"]
[EventCountry "ESP"]
[SourceTitle "playchess.com"]
[Source "ChessBase"]
[SourceQuality "1"]

{[%evp 9,74,5,7,0,7,7,8,5,-6,-2,-7,-9,0,0,-2,-8,0,-17,-11,-33,-35,-62,-26,-32,-30,-98,-45,-40,-27,-26,-21,-17,-22,-37,-27,-140,-120,-195,-166,-159,-172,-169,-122,-121,-101,-122,-117,-138,-138,-229,-215,-247,-222,-222,-224,-237,-222,-216,-216,-214,-214,-437,-440,-416,-450,-29987,-29988]} 1. e4 c5 2. Nf3 e6 3. g3 Nc6 4. Bg2 Nf6 5. Qe2 e5 6. c3 {B40: Sicilian: 2...e6, Unusual lines.} Be7 7. O-O O-O 8. Na3 {The position is equal.} Re8 9. d3 h6 10. Nc4 Bf8 11. Ne3 d5 12. exd5 Nxd5 13. Nxd5 Qxd5 14. Be3 Bg4 15. h3 Bh5 16. g4 Bg6 {[#]} 17. Nd4 $146 ({Predecessor:} 17. Rfd1 Qd8 18. Ne1 Qc7 19. Be4 Ne7 20. Ng2 Rad8 21. Nh4 Rd6 22. Rd2 b6 23. Rad1 {½-½ (43) Gvanceladze,A (2302)-Zimina,O (2414) Stary Smokovec 2018}) 17... Nxd4 (17... Qxg2+ $1 $17 18. Kxg2 exd4) 18. cxd4 $15 Qd8 19. d5 Qh4 20. Rac1 b6 21. Rfd1 Bd6 22. Qd2 (22. Rc4 $11 {keeps the balance.}) 22... f5 $1 $17 {[%cal Rf5f4] Threatens to win with ...f4.} 23. f3 (23. Qe2 $17 {keeps fighting.}) 23... f4 24. Bf2 Qd8 25. b4 Rc8 26. bxc5 bxc5 27. Rc2 Bf8 28. Rdc1 {[%cal Rf2c5]} Qxd5 29. Qa5 (29. Rc3 $17 {was necessary.}) 29... Bxd3 $19 (29... Qxd3 $2 30. Rd2 $18) 30. Rd2 {[#]} Rcd8 $1 31. Bf1 {[#]} c4 ({Not} 31... Qxf3 $2 32. Bg2 $18) 32. Qa4 Bc5 {White must now prevent ...Be3.} ({But not} 32... Qxf3 $2 33. Bg2 $18) 33. Bxd3 Bxf2+ ({Don't play} 33... cxd3 34. Rxc5 Qxf3 35. Kh2 $17) 34. Kxf2 cxd3 35. Rcd1 $2 (35. Qc4) 35... e4 36. fxe4 Rxe4 37. Rxd3 (37. Qb3 $19 Qxb3 38. axb3) 37... Qc5+ {Weighted Error Value: White=0.45/Black=0.08} (37... Rxa4 $2 38. Rxd5 Rxd5 39. Rxd5 $19) 0-1

[Event "XI Closed IM BCC 2021"]
[Site "Barcelona"]
[Date "2021.03.16"]
[Round "2.3"]
[White "Martin Gonzalez, Angel"]
[Black "Jimenez Ruano, Adrian"]
[Result "1/2-1/2"]
[WhiteElo "2272"]
[BlackElo "2326"]
[Annotator "TA"]
[PlyCount "169"]
[EventDate "2021.03.15"]
[EventType "tourn"]
[EventCountry "ESP"]
[SourceTitle "playchess.com"]
[Source "ChessBase"]
[SourceQuality "1"]

{[%evp 20,169,0,-16,-17,-51,-49,-36,-34,-55,-17,-6,-21,-14,-10,0,0,0,0,0,0,-53,0,11,8,12,0,4,10,0,3,-81,-54,-78,0,-31,-27,-48,-53,-185,-195,-186,-190,-187,-186,-250,-262,-253,-229,-280,-261,-336,-312,-266,-85,-93,-88,-341,-337,-443,-454,-440,-431,-363,-198,-1551,-421,-391,-389,-327,-146,-423,-354,-299,-39,-39,-39,-39,-39,-39,-43,-46,-47,-146,0,-43,-43,-44,-43,-146,-43,-96,-39,-39,-39,-148,-148,-116,0,0,0,0,0,0,0,0,0,0,-4,-54,0,0,0,0,0,0,0,0,0,0,0,0,0,-245,0,0,0,0,0,0,0,-29987,0,0,0,0,0,0,0,0,0,0,0,0,0,0,0,0,0,0,0,0]} 1. e4 c5 2. Nf3 d6 3. d4 cxd4 4. Nxd4 Nf6 5. Nc3 a6 6. Bg5 e6 7. f4 h6 8. Bh4 Qb6 9. Qd2 Qxb2 10. Rb1 Qa3 11. e5 dxe5 {B97: Sicilian Najdorf: Poisoned Pawn.} 12. fxe5 Nfd7 13. Ne4 Qxa2 {Black is slightly better.} 14. Rd1 Qd5 15. Qe3 Qxe5 ({Wrong is} 15... Nxe5 $2 16. Nb3 $18) 16. Be2 Bc5 17. Bg3 Bxd4 {17...Qd5 is more advanced technology.} (17... Qd5 $11) 18. Rxd4 $15 Qa5+ 19. Rd2 $1 O-O $1 20. Bd6 $1 f5 (20... Re8 $15 21. O-O f5) 21. Bxf8 $11 Nxf8 22. Nd6 Nbd7 23. O-O Qc5 {[#]} 24. Rd4 $146 ({Predecessor:} 24. Kf2 b5 25. g4 fxg4 26. Bxg4 Rb8 27. Qxc5 Nxc5 28. Ke3 Bd7 29. Kd4 Nb7 30. Nxb7 Rxb7 {1-0 (56) Fier,A (2560)-Petrov,M (2520) chess.com INT 2020}) 24... Nf6 25. Bc4 (25. Bf3 $11) 25... Kh7 $1 $17 26. Rd3 Ne4 (26... Qc6 $17) 27. Rfd1 Bd7 28. Nxe4 Qxc4 {[%mdl 64] Double Attack} 29. Nf6+ gxf6 $19 30. Rxd7+ Nxd7 31. Rxd7+ {[%mdl 4096] Endgame KQR-KQR} Kg6 32. h3 (32. Qg3+ $142 Qg4 33. Qb3) 32... f4 ({Inferior is} 32... Qxc2 33. Qg3+ Kh5 34. Rg7 Qc5+ 35. Kh1 Qc1+ 36. Kh2 Qg5 37. Qf3+ Kh4 38. g3+ Qxg3+ 39. Qxg3+ Kh5 40. Qg6+ Kh4 41. Qxh6#) 33. Qf3 {[%cal Rf3g4]} f5 34. Qxb7 Rg8 35. Rh7 {White threatens Qf7+ and mate.} Qd4+ 36. Kh2 {Qf7+! would kill now.} Rg7 (36... Qf6 $19 {has better winning chances.} 37. Qc7 a5) 37. Rxg7+ $17 Qxg7 38. Qxa6 {[%mdl 8192] KQ-KQ} (38. Qc8 $17 {keeps fighting.}) 38... Qe5 $19 39. Qc8 f3+ $1 40. Kg1 Qe3+ 41. Kh2 Qf4+ (41... fxg2 $142 42. Kxg2 Kh5) 42. Kg1 $2 (42. Kh1) 42... Qd4+ (42... Qe3+ $2 43. Kh2 $19) (42... f2+ $142 43. Kf1 Qe3 44. Qe8+ Kg5 45. Qe7+ Kh5 46. g4+ {[%mdl 64] Decoy} fxg4 47. hxg4+ Kxg4 48. Qg7+ Kh4) 43. Kh2 Qd6+ 44. Kg1 fxg2 (44... Kh5 $19 45. Qc4 fxg2 46. Qe2+ Kg5 47. Kxg2 e5) 45. Qg8+ $2 {[%mdl 8192]} (45. c4 $17 {was the only defense.}) 45... Kf6 46. Qh8+ Ke7 $2 (46... Kg5 $19 47. Qg7+ Kh5 48. Qxg2 Qc5+ 49. Kf1 Qe3) 47. Qg7+ Kd8 48. Qxh6 Qd1+ 49. Kxg2 Qxc2+ 50. Kg3 Qc3+ 51. Kg2 (51. Kf2 $1 $15) 51... Qc2+ (51... Ke7 $1 $17 52. h4 Qf6 53. Qh7+ Kf8) 52. Kg3 $15 Qd3+ 53. Kf2 Qd4+ 54. Kg3 (54. Ke2 $15) 54... Qe5+ (54... Qg1+ $17 55. Kf3 Qd1+ 56. Kg3 Qd3+ 57. Kg2 Qd5+ 58. Kf2 Qd4+ 59. Kf1 Qa1+ 60. Ke2 Ke7 61. Qh4+ Qf6 62. Qh7+ Qf7 63. Qh4+ Qf6 64. Qh7+ Kd6) 55. Kf2 (55. Kf3 $15) 55... Kd7 (55... f4 $17 {Strongly threatening ...Qe3+.} 56. h4 Qe3+ 57. Kf1 Qd3+ 58. Kg1 Qe3+ 59. Kf1 Qf3+ 60. Ke1 Qe4+ 61. Kf2 Qe3+ 62. Kf1) 56. h4 Qd4+ 57. Kf3 (57. Kf1 $1 $15) 57... Qg4+ $17 58. Kf2 {[#]} e5 ({Black should play} 58... Ke7 $1 $17 59. h5 Kf7) 59. h5 $11 e4 60. Qh7+ Ke6 61. h6 Qf3+ 62. Ke1 Qg3+ 63. Ke2 Qg2+ 64. Ke3 Qf3+ (64... Qg1+ $1 $15 65. Ke2 Qh2+ 66. Kd1 Qh5+ 67. Kc2 Qe2+ 68. Kc3 Qe1+ 69. Kc4 Qc1+ 70. Kb4 Qd2+ 71. Kb5 Qd5+ 72. Kb4 Qd2+ 73. Kc5 Qc2+ 74. Kb5 Qd3+ 75. Kb6 Qg3) 65. Kd4 $1 Qd3+ 66. Kc5 Qc3+ (66... e3 {feels hotter.} 67. Qg8+ Ke5 68. Qg7+ Ke4 69. h7 Qd5+) 67. Kb5 Qe5+ (67... e3 {is more complex.} 68. Qg6+ Ke7 69. Qxf5 Qb3+ 70. Kc5 Qc3+) 68. Kc6 Qd5+ 69. Kc7 Qc5+ (69... e3 {keeps more tension.} 70. Qg6+ Ke5 71. h7 Qc5+ 72. Kd7 Qd4+) 70. Kb7 Qb5+ 71. Kc7 $2 {[#]} (71. Ka7 $1 $11) 71... Qc5+ $2 ({Better is} 71... Qe8 $1 $19 {[%cal Re8f7]} 72. Kb6 e3) 72. Kb7 e3 73. Qg6+ Kd7 (73... Ke5 {seems wilder.} 74. Qg7+ Kf4 75. h7 Qd5+ 76. Kc7 Qc4+) 74. Qf7+ Qe7 75. Qxe7+ Kxe7 {KPP-KP} 76. h7 {The position is equal.} e2 77. h8=Q {Threatening mate with Qe5+!} e1=Q {Threatens to win with ...Qe4+. KQ-KQ} 78. Qh7+ {[%mdl 64] Double Attack} Kf6 {( -> ...Qe7+)} 79. Qh6+ Ke5 {White must now prevent ...Qe4+.} 80. Qh8+ Kf4 {aiming for ...Qe4+.} 81. Qh6+ Ke5 (81... Kf3 $5) 82. Qh8+ Kd5 {And now ...Qe7+ would win.} (82... Kf4 $5) 83. Qd8+ Kc4 {Hoping for ...Qe4+.} 84. Qc8+ Kb3 {...Qe4+ is the strong threat.} 85. Qxf5 {Weighted Error Value: White=0.46/Black=0.42} 1/2-1/2